Embryology of insects and myriapods ; the developmental history of insects, centipedes, and millepedes from egg desposition [!] to hatching /

Bibliographic Details
Main Author: Johannsen, O. A. (Oskar Augustus), 1870-1961
Other Authors: Butt, Ferdinand Hinckley, 1899-
Format: Book
Language:English
Published: New York, London : McGraw-Hill book company, inc., 1941.
Edition:1st ed.
Series:McGraw-Hill publications in the zoological sciences.
Subjects:

MARC

Tag First Indicator Second Indicator Subfields
LEADER 00000cam a2200000 4500
001 in00000037383
005 20151007074245.0
008 740308s1941 nyua b 00010 eng u
010 |a  41002411  
035 |a (OCoLC)00825419 
035 |9 AAF1210AM 
040 |c WOO  |d TXA  |d UtOrBLW 
049 |a TXAM  |c 1 [102065]  |c 2 [187012] 
050 0 0 |a QL958  |b .J55 
082 0 |a 595.6 
092 |a 595.6  |b J65e 
100 1 |a Johannsen, O. A.  |q (Oskar Augustus),  |d 1870-1961. 
245 1 0 |a Embryology of insects and myriapods ;  |b the developmental history of insects, centipedes, and millepedes from egg desposition [!] to hatching /  |c by Oskar A. Johannsen ... and Ferdinand H. Butt ... 
250 |a 1st ed. 
264 1 |a New York,  |a London :  |b McGraw-Hill book company, inc.,  |c 1941. 
300 |a xi, 462 pages :  |b illustrations ;  |c 24 cm. 
336 |a text  |b txt  |2 rdacontent 
337 |a unmediated  |b n  |2 rdamedia 
338 |a volume  |b nc  |2 rdacarrier 
490 1 |a McGraw-Hill publications in the zoological sciences 
504 |a "References" at end of each chapter; bibliography: pages 417-453. 
650 0 |a Insects  |x Embryology. 
650 0 |a Myriapoda  |x Embryology. 
700 1 |a Butt, Ferdinand Hinckley,  |d 1899- 
830 0 |a McGraw-Hill publications in the zoological sciences. 
999 |a MARS 
999 f f |s 97c2de09-2231-3fad-9832-a0cbcb3e592b  |i 9c5bac34-99f8-391d-b151-5f4d2d993476  |t 0 
952 f f |p ric  |a Texas A&M University  |b Rellis Campus  |c Joint Library Facility  |d Remote Storage  |t 0  |e QL958 .J55  |h Library of Congress classification  |i unmediated -- volume  |m A14801011938 
998 f f |a QL958 .J55  |t 0  |l Remote Storage